|
|
|
|
| LEADER |
01337nam a2200301 u 4500 |
| 001 |
10010187 |
| 003 |
upatras |
| 005 |
20210117204243.0 |
| 008 |
881025s1996 us eng |
| 020 |
|
|
|a 0387978089
|
| 040 |
|
|
|a GR-PaULI
|c GR-PaULI
|
| 041 |
0 |
|
|a eng
|
| 082 |
0 |
4 |
|a 004.015 1
|
| 100 |
1 |
|
|a Crandall, Richard E.
|d 1947-2012
|9 112999
|
| 245 |
1 |
0 |
|a Projects in scientific computation
|c Richard E. Crandall
|
| 260 |
|
|
|a New York
|b Springer-Verlag, Incorporated
|c 1996
|
| 300 |
|
|
|a xxiv, 470 p.
|b fig.
|c 23 cm
|e included diskette
|
| 500 |
|
|
|a Corrected third printing 1996
|
| 505 |
1 |
|
|a Includes appendix, references, index
|
| 650 |
|
4 |
|a Ηλεκτρονικοί υπολογιστές
|x Βιολογία
|9 125845
|
| 650 |
|
4 |
|a Επιστήμη των υπολογιστών
|x Μαθηματικά
|9 875
|
| 650 |
|
4 |
|a Ηλεκτρονικοί υπολογιστές
|x Προγράμματα
|9 560
|
| 650 |
|
4 |
|a Ηλεκτρονικοί υπολογιστές
|x Χημεία
|9 45
|
| 710 |
2 |
|
|a Electronic Library of Science
|9 126087
|
| 852 |
|
|
|a GR-PaULI
|b ΠΑΤΡΑ
|b ΒΚΠ
|b ΒΣ1
|k ΑΣΧΞ
|h 004.015 1 C
|m 15821
|p 025000053988
|t 1
|
| 942 |
|
|
|2 ddc
|c BK15
|
| 952 |
|
|
|0 0
|1 0
|4 0
|6 004_015000000000000_1_C
|7 0
|9 139830
|a LISP
|b LISP
|c BSC
|d 2016-04-24
|i 15821
|l 0
|o 004.015 1 C
|p 025000053988
|r 2016-04-24 00:00:00
|t 1
|w 2016-04-24
|y BK15
|
| 999 |
|
|
|c 91431
|d 91431
|